| 000 | 00649nam a2200205 u 4500 | ||
|---|---|---|---|
| 005 | 20210223133804.0 | ||
| 008 | 190408s2006 ea r 000 0 spa d | ||
| 020 | _a1404274472 | ||
| 035 | _aUPN01000230182 | ||
| 049 | _aI | ||
| 050 | 4 |
_aQH541.5 S3 _bCH3.2 |
|
| 100 | 1 |
_aChapman, John, _d1944- _930659 |
|
| 245 | 1 | 1 |
_a¿Conoces el océano? / _cJoan Chapman ; tr. José María Obregón. |
| 260 |
_aNueva York : _bRosen Classroom Books & Materials, _cc2006. |
||
| 300 |
_a8 p. : _bprincipalmente il. col. |
||
| 440 | 0 | _aRosen real readers en español | |
| 650 | 4 |
_aOCEANO - _vLITERATURA INFANTIL _911223 |
|
| 905 | _aInfantil | ||
| 999 |
_c202277 _d202277 |
||